[Event "DVM U10 2023"]
[Site "Magdeburg GER"]
[Date "2023.12.28"]
[Round "3"]
[White "Korth, Alexander"]
[Black "Vahner, Danyil"]
[Result "0-1"]
[Termination "normal"]
[Board "18.3"]
[WhiteElo "767"]
[BlackElo "772"]
[WhiteClock "00:20:27"]
[BlackClock "00:31:42"]
[WhiteTeam "Greifswalder SV"]
[BlackTeam "SG Porz"]
[PlyCount "128"]
[EventCountry "GER"]
[EventRounds "7"]
[EventType "team-swiss"]
[EventDate "2023.12.27"]

1. e4 {[%clk 00:55:05]} {[%emt 00:00:04]} e6 {[%clk 00:52:09]} {[%emt
00:03:02]} 2. Nf3 {[%clk 00:54:32]} {[%emt 00:00:37]} d5 {[%clk 00:52:04]}
{[%emt 00:00:10]} 3. d3 {[%clk 00:53:53]} {[%emt 00:00:45]} dxe4 {[%clk
00:51:53]} {[%emt 00:00:14]} 4. Ne5 {[%clk 00:52:57]} {[%emt 00:01:03]} Bd6
{[%clk 00:51:13]} {[%emt 00:00:45]} 5. Bf4 {[%clk 00:52:09]} {[%emt 00:00:52]}
g5 {[%clk 00:50:55]} {[%emt 00:00:22]} 6. Bg3 {[%clk 00:51:45]} {[%emt
00:00:30]} h5 {[%clk 00:50:33]} {[%emt 00:00:28]} 7. h4 {[%clk 00:51:09]}
{[%emt 00:00:41]} Qf6 {[%clk 00:50:03]} {[%emt 00:00:34]} 8. d4 {[%clk
00:49:51]} {[%emt 00:01:24]} c5 {[%clk 00:49:42]} {[%emt 00:00:25]} 9. Bb5+
{[%clk 00:48:47]} {[%emt 00:01:09]} Nd7 {[%clk 00:49:05]} {[%emt 00:00:42]} 10.
Nxd7 {[%clk 00:48:21]} {[%emt 00:00:32]} Bxd7 {[%clk 00:48:52]} {[%emt
00:00:17]} 11. Bxd7+ {[%clk 00:48:16]} {[%emt 00:00:10]} Kxd7 {[%clk 00:48:50]}
{[%emt 00:00:06]} 12. Bxd6 {[%clk 00:47:46]} {[%emt 00:00:36]} Kxd6 {[%clk
00:48:41]} {[%emt 00:00:13]} 13. Nc3 {[%clk 00:46:50]} {[%emt 00:01:02]} cxd4
{[%clk 00:48:11]} {[%emt 00:00:36]} 14. Nxe4+ {[%clk 00:46:31]} {[%emt
00:00:23]} Kc6 {[%clk 00:47:59]} {[%emt 00:00:18]} 15. Nxf6 {[%clk 00:46:27]}
{[%emt 00:00:08]} Nxf6 {[%clk 00:47:38]} {[%emt 00:00:26]} 16. O-O {[%clk
00:46:04]} {[%emt 00:00:29]} gxh4 {[%clk 00:46:43]} {[%emt 00:00:20]} 17. Qxd4
{[%clk 00:46:09]} Nd5 {[%clk 00:46:24]} {[%emt 00:01:03]} 18. Qxh4 {[%clk
00:45:35]} {[%emt 00:00:38]} Rac8 {[%clk 00:45:13]} {[%emt 00:01:17]} 19. c4
{[%clk 00:44:58]} {[%emt 00:00:42]} Nb4 {[%clk 00:44:57]} {[%emt 00:00:21]} 20.
Qe4+ {[%clk 00:44:16]} {[%emt 00:00:47]} Kb6 {[%clk 00:44:42]} {[%emt
00:00:20]} 21. Rfc1 {[%clk 00:43:35]} {[%emt 00:00:47]} Rc5 {[%clk 00:43:45]}
{[%emt 00:01:01]} 22. Qd4 {[%clk 00:42:56]} {[%emt 00:00:44]} Rhc8 {[%clk
00:43:12]} {[%emt 00:00:38]} 23. a3 {[%clk 00:42:25]} {[%emt 00:00:36]} Nc6
{[%clk 00:42:59]} {[%emt 00:00:18]} 24. Qe3 {[%clk 00:41:33]} {[%emt 00:00:57]}
Ne5 {[%clk 00:42:34]} {[%emt 00:00:29]} 25. f3 {[%clk 00:40:39]} {[%emt
00:01:01]} Kc6 {[%clk 00:42:00]} {[%emt 00:00:39]} 26. Rc2 {[%clk 00:39:31]}
{[%emt 00:01:13]} Kd6 {[%clk 00:41:36]} {[%emt 00:00:29]} 27. Qd4+ {[%clk
00:38:52]} {[%emt 00:00:44]} Ke7 {[%clk 00:41:04]} {[%emt 00:00:33]} 28. Rac1
{[%clk 00:38:08]} {[%emt 00:00:52]} b6 {[%clk 00:40:06]} 29. b4 {[%clk
00:37:11]} {[%emt 00:02:06]} Rg8 {[%clk 00:39:50]} 30. bxc5 {[%clk 00:36:38]}
{[%emt 00:00:58]} Nxf3+ {[%clk 00:39:38]} 31. Kf1 {[%clk 00:35:52]} {[%emt
00:01:09]} Nxd4 {[%clk 00:39:28]} 32. Rd2 {[%clk 00:35:23]} {[%emt 00:00:49]}
Nb3 {[%clk 00:39:14]} 33. Rcc2 {[%clk 00:34:39]} {[%emt 00:01:07]} Nxd2+ {[%clk
00:39:08]} 34. Rxd2 {[%clk 00:34:32]} {[%emt 00:00:23]} bxc5 {[%clk 00:39:03]}
35. Rd3 {[%clk 00:33:38]} {[%emt 00:01:10]} Rg4 {[%clk 00:38:48]} 36. Rh3
{[%clk 00:32:50]} {[%emt 00:01:12]} Rxc4 {[%clk 00:38:38]} 37. Rxh5 {[%clk
00:32:41]} {[%emt 00:00:28]} Rc1+ {[%clk 00:38:27]} 38. Kf2 {[%clk 00:32:05]}
{[%emt 00:00:59]} c4 {[%clk 00:38:17]} 39. Rc5 {[%clk 00:31:33]} {[%emt
00:00:50]} Kd6 {[%clk 00:38:08]} {[%emt 00:00:15]} 40. Rc8 {[%clk 00:31:18]}
{[%emt 00:00:20]} c3 {[%clk 00:38:02]} {[%emt 00:00:10]} 41. Ke2 {[%clk
00:30:58]} {[%emt 00:00:26]} Kd5 {[%clk 00:37:29]} {[%emt 00:00:39]} 42. Kd3
{[%clk 00:30:25]} {[%emt 00:00:37]} e5 {[%clk 00:37:13]} {[%emt 00:00:20]} 43.
Rd8+ {[%clk 00:29:27]} {[%emt 00:01:03]} Ke6 {[%clk 00:36:56]} {[%emt
00:00:23]} 44. Ra8 {[%clk 00:28:37]} {[%emt 00:00:53]} e4+ {[%clk 00:36:46]}
{[%emt 00:00:17]} 45. Kxe4 {[%clk 00:28:04]} {[%emt 00:00:39]} Rd1 {[%clk
00:36:35]} {[%emt 00:00:15]} 46. Rc8 {[%clk 00:27:39]} {[%emt 00:00:29]} f5+
{[%clk 00:36:11]} {[%emt 00:00:30]} 47. Kf4 {[%clk 00:27:14]} {[%emt 00:00:31]}
Rc1 {[%clk 00:35:35]} {[%emt 00:00:40]} 48. Ke3 {[%clk 00:26:32]} {[%emt
00:00:47]} c2 {[%clk 00:35:20]} {[%emt 00:00:20]} 49. Ke2 {[%clk 00:24:28]}
{[%emt 00:02:09]} Rg1 {[%clk 00:34:53]} {[%emt 00:00:32]} 50. Rxc2 {[%clk
00:24:04]} {[%emt 00:00:29]} Rxg2+ {[%clk 00:34:40]} {[%emt 00:00:18]} 51. Kd3
{[%clk 00:23:58]} {[%emt 00:00:11]} Rxc2 {[%clk 00:34:30]} {[%emt 00:00:15]}
52. Kxc2 {[%clk 00:23:55]} {[%emt 00:00:09]} Ke5 {[%clk 00:34:25]} {[%emt
00:00:09]} 53. Kd3 {[%clk 00:23:40]} {[%emt 00:00:20]} Kd5 {[%clk 00:34:14]}
{[%emt 00:00:17]} 54. Ke3 {[%clk 00:23:26]} {[%emt 00:00:19]} Ke5 {[%clk
00:34:06]} {[%emt 00:00:13]} 55. Kf3 {[%clk 00:23:09]} {[%emt 00:00:22]} f4
{[%clk 00:33:57]} {[%emt 00:00:12]} 56. Kg4 {[%clk 00:22:50]} {[%emt 00:00:25]}
Ke4 {[%clk 00:33:48]} {[%emt 00:00:15]} 57. Kh4 {[%clk 00:22:18]} {[%emt
00:00:36]} f3 {[%clk 00:33:43]} {[%emt 00:00:10]} 58. Kg3 {[%clk 00:22:09]}
{[%emt 00:00:14]} Ke3 {[%clk 00:33:36]} {[%emt 00:00:12]} 59. Kh2 {[%clk
00:22:05]} {[%emt 00:00:09]} Ke2 {[%clk 00:33:21]} {[%emt 00:00:20]} 60. Kg1
{[%clk 00:21:47]} {[%emt 00:00:22]} f2+ {[%clk 00:33:11]} {[%emt 00:00:15]} 61.
Kh2 {[%clk 00:21:15]} {[%emt 00:01:21]} f1=Q {[%clk 00:32:42]} {[%emt
00:00:16]} 62. Kg3 {[%clk 00:21:01]} {[%emt 00:00:38]} Qf3+ {[%clk 00:31:54]}
{[%emt 00:00:53]} 63. Kh2 {[%clk 00:20:44]} {[%emt 00:00:21]} Kf2 {[%clk
00:31:44]} {[%emt 00:00:16]} 64. a4 {[%clk 00:20:27]} {[%emt 00:01:30]} Qg2
{[%clk 00:31:42]} {[%emt 00:00:07]} 1-0

[Event "DVM U10 2023"]
[Site "Magdeburg GER"]
[Date "2023.12.28"]
[Round "3"]
[White "Ziem, Ole"]
[Black "Döscher, Rasmus"]
[Result "1-0"]
[Termination "normal"]
[Board "19.1"]
[WhiteElo "1391"]
[BlackElo "1171"]
[WhiteClock "00:34:19"]
[BlackClock "00:04:41"]
[WhiteTeam "USC Magdeburg"]
[BlackTeam "SK Bremen-Nord"]
[PlyCount "68"]
[WhiteFideId "34624791"]
[BlackFideId "34625038"]
[EventCountry "GER"]
[EventRounds "7"]
[EventType "team-swiss"]
[EventDate "2023.12.27"]

1. c4 {[%clk 00:55:08]} e6 {[%clk 00:53:47]} {[%emt 00:01:23]} 2. g3 {[%clk
00:54:28]} {[%emt 00:00:46]} Nf6 {[%clk 00:52:56]} {[%emt 00:00:57]} 3. Bg2
{[%clk 00:54:11]} {[%emt 00:00:21]} Be7 {[%clk 00:52:14]} {[%emt 00:00:46]} 4.
e3 {[%clk 00:53:56]} {[%emt 00:00:21]} O-O {[%clk 00:51:25]} {[%emt 00:00:54]}
5. Ne2 {[%clk 00:53:41]} {[%emt 00:00:20]} Nc6 {[%clk 00:47:46]} {[%emt
00:03:45]} 6. O-O {[%clk 00:51:54]} {[%emt 00:01:52]} d5 {[%clk 00:45:58]}
{[%emt 00:01:53]} 7. cxd5 {[%clk 00:50:54]} {[%emt 00:01:05]} exd5 {[%clk
00:45:07]} {[%emt 00:00:56]} 8. Nbc3 {[%clk 00:48:00]} {[%emt 00:02:59]} Be6
{[%clk 00:40:40]} {[%emt 00:04:32]} 9. d4 {[%clk 00:46:29]} {[%emt 00:01:36]}
a6 {[%clk 00:37:56]} {[%emt 00:02:49]} 10. a4 {[%clk 00:45:12]} {[%emt
00:01:22]} Na7 {[%clk 00:34:52]} {[%emt 00:03:09]} 11. f4 {[%clk 00:44:46]}
{[%emt 00:00:30]} Bf5 {[%clk 00:33:03]} {[%emt 00:01:55]} 12. Qb3 {[%clk
00:43:24]} {[%emt 00:01:27]} Rb8 {[%clk 00:24:51]} {[%emt 00:08:18]} 13. Nxd5
{[%clk 00:42:09]} {[%emt 00:01:20]} Bd6 {[%clk 00:23:42]} {[%emt 00:01:14]} 14.
Nxf6+ {[%clk 00:41:06]} {[%emt 00:01:08]} Qxf6 {[%clk 00:22:44]} {[%emt
00:01:03]} 15. e4 {[%clk 00:40:59]} {[%emt 00:00:12]} Be6 {[%clk 00:22:33]}
{[%emt 00:00:16]} 16. d5 {[%clk 00:40:57]} {[%emt 00:00:07]} Bc5+ {[%clk
00:22:13]} {[%emt 00:00:25]} 17. Be3 {[%clk 00:40:10]} {[%emt 00:00:49]} Bxe3+
{[%clk 00:19:33]} {[%emt 00:02:47]} 18. Qxe3 {[%clk 00:40:08]} {[%emt
00:00:07]} Bg4 {[%clk 00:19:12]} {[%emt 00:00:26]} 19. e5 {[%clk 00:39:38]}
{[%emt 00:00:34]} Qe7 {[%clk 00:18:20]} {[%emt 00:00:57]} 20. f5 {[%clk
00:39:04]} {[%emt 00:00:39]} Rfe8 {[%clk 00:16:38]} {[%emt 00:01:48]} 21. e6
{[%clk 00:37:55]} {[%emt 00:01:13]} Nc8 {[%clk 00:15:29]} {[%emt 00:01:14]} 22.
Nd4 {[%clk 00:37:21]} {[%emt 00:00:39]} Nd6 {[%clk 00:12:53]} {[%emt 00:02:41]}
23. h3 {[%clk 00:36:33]} {[%emt 00:00:53]} c5 {[%clk 00:11:53]} {[%emt
00:01:06]} 24. dxc6 {[%clk 00:36:19]} {[%emt 00:00:19]} Bxf5 {[%clk 00:09:58]}
{[%emt 00:02:00]} 25. Nxf5 {[%clk 00:36:09]} {[%emt 00:00:14]} Nxf5 {[%clk
00:09:25]} {[%emt 00:00:39]} 26. Rxf5 {[%clk 00:36:04]} {[%emt 00:00:09]} bxc6
{[%clk 00:08:05]} {[%emt 00:01:25]} 27. Bxc6 {[%clk 00:35:51]} {[%emt
00:00:18]} Qxe6 {[%clk 00:07:46]} {[%emt 00:00:24]} 28. Qxe6 {[%clk 00:35:40]}
{[%emt 00:00:15]} Rxe6 {[%clk 00:07:28]} {[%emt 00:00:24]} 29. Bd5 {[%clk
00:35:40]} {[%emt 00:00:03]} Re7 {[%clk 00:07:10]} {[%emt 00:00:25]} 30. Rc1
{[%clk 00:35:39]} {[%emt 00:00:06]} h6 {[%clk 00:06:26]} {[%emt 00:00:49]} 31.
b3 {[%clk 00:35:17]} {[%emt 00:00:26]} Rd8 {[%clk 00:05:27]} {[%emt 00:01:05]}
32. Bc4 {[%clk 00:34:41]} {[%emt 00:00:41]} Rd6 {[%clk 00:04:55]} {[%emt
00:00:37]} 33. Rcf1 {[%clk 00:34:29]} {[%emt 00:00:16]} Rdd7 {[%clk 00:04:53]}
{[%emt 00:00:08]} 34. Bxa6 {[%clk 00:34:19]} {[%emt 00:00:14]} Rd3 {[%clk
00:04:41]} {[%emt 00:00:09]} 1-0

[Event "DVM U10 2023"]
[Site "Magdeburg GER"]
[Date "2023.12.28"]
[Round "3"]
[White "Döscher, Nayla"]
[Black "Kalusche, Jannes"]
[Result "1-0"]
[Termination "normal"]
[Board "19.2"]
[WhiteElo "1263"]
[BlackElo "846"]
[WhiteClock "00:22:52"]
[BlackClock "00:21:28"]
[WhiteTeam "SK Bremen-Nord"]
[BlackTeam "USC Magdeburg"]
[PlyCount "93"]
[WhiteFideId "34625046"]
[EventCountry "GER"]
[EventRounds "7"]
[EventType "team-swiss"]
[EventDate "2023.12.27"]

1. e4 {[%clk 00:55:08]} {[%emt 00:00:01]} e5 {[%clk 00:55:01]} {[%emt
00:00:09]} 2. Nc3 {[%clk 00:54:59]} {[%emt 00:00:14]} Nf6 {[%clk 00:54:50]}
{[%emt 00:00:15]} 3. Nf3 {[%clk 00:54:55]} {[%emt 00:00:09]} Bc5 {[%clk
00:54:35]} {[%emt 00:00:20]} 4. Bc4 {[%clk 00:54:37]} {[%emt 00:00:24]} Nc6
{[%clk 00:54:25]} {[%emt 00:00:15]} 5. d3 {[%clk 00:54:32]} {[%emt 00:00:10]}
Na5 {[%clk 00:53:42]} {[%emt 00:00:49]} 6. Bb3 {[%clk 00:53:23]} {[%emt
00:01:14]} c6 {[%clk 00:53:19]} {[%emt 00:00:27]} 7. Nxe5 {[%clk 00:52:36]}
{[%emt 00:00:52]} d5 {[%clk 00:52:26]} {[%emt 00:00:59]} 8. Bg5 {[%clk
00:51:27]} {[%emt 00:01:14]} h6 {[%clk 00:51:39]} {[%emt 00:00:52]} 9. Bh4
{[%clk 00:51:24]} {[%emt 00:00:08]} O-O {[%clk 00:51:12]} {[%emt 00:00:32]} 10.
exd5 {[%clk 00:50:45]} {[%emt 00:00:43]} cxd5 {[%clk 00:51:00]} {[%emt
00:00:15]} 11. O-O {[%clk 00:49:44]} {[%emt 00:01:10]} Re8 {[%clk 00:50:54]}
{[%emt 00:00:09]} 12. Nf3 {[%clk 00:48:48]} {[%emt 00:01:01]} Nc6 {[%clk
00:50:44]} {[%emt 00:00:16]} 13. Bxf6 {[%clk 00:48:06]} {[%emt 00:00:47]} Qxf6
{[%clk 00:50:31]} {[%emt 00:00:16]} 14. Nxd5 {[%clk 00:47:44]} {[%emt
00:00:29]} Qg6 {[%clk 00:49:22]} {[%emt 00:01:12]} 15. Nc7 {[%clk 00:47:11]}
{[%emt 00:00:39]} Rd8 {[%clk 00:48:49]} {[%emt 00:00:37]} 16. Nxa8 {[%clk
00:46:55]} {[%emt 00:00:23]} Bh3 {[%clk 00:48:22]} {[%emt 00:00:32]} 17. Nh4
{[%clk 00:41:40]} {[%emt 00:05:20]} Qg5 {[%clk 00:47:32]} {[%emt 00:00:54]} 18.
Qf3 {[%clk 00:40:56]} {[%emt 00:00:31]} Bg4 {[%clk 00:46:29]} {[%emt 00:01:26]}
19. Bxf7+ {[%clk 00:39:04]} {[%emt 00:01:58]} Kh8 {[%clk 00:45:59]} {[%emt
00:00:34]} 20. Ng6+ {[%clk 00:36:53]} {[%emt 00:02:16]} Kh7 {[%clk 00:45:32]}
{[%emt 00:00:32]} 21. Qf4 {[%clk 00:34:14]} {[%emt 00:02:39]} Qh5 {[%clk
00:43:29]} {[%emt 00:02:12]} 22. h3 {[%clk 00:32:56]} {[%emt 00:01:24]} Bd7
{[%clk 00:42:13]} {[%emt 00:01:19]} 23. g4 {[%clk 00:31:41]} {[%emt 00:01:22]}
Bxg4 {[%clk 00:40:24]} {[%emt 00:01:53]} 24. Qxg4 {[%clk 00:29:53]} {[%emt
00:01:55]} Qxg4+ {[%clk 00:37:56]} {[%emt 00:02:31]} 25. hxg4 {[%clk 00:29:34]}
{[%emt 00:00:26]} Rxa8 {[%clk 00:37:43]} {[%emt 00:00:17]} 26. Kg2 {[%clk
00:28:31]} {[%emt 00:01:05]} Rd8 {[%clk 00:35:53]} {[%emt 00:01:54]} 27. Rh1
{[%clk 00:28:01]} {[%emt 00:00:30]} Rd7 {[%clk 00:35:47]} {[%emt 00:00:21]} 28.
Be8 {[%clk 00:27:20]} {[%emt 00:00:45]} Rd6 {[%clk 00:35:17]} {[%emt 00:00:33]}
29. Bxc6 {[%clk 00:26:09]} {[%emt 00:01:18]} Rxg6 {[%clk 00:33:26]} {[%emt
00:01:53]} 30. Be4 {[%clk 00:25:38]} {[%emt 00:00:35]} Bd4 {[%clk 00:30:58]}
{[%emt 00:02:36]} 31. Bxg6+ {[%clk 00:25:28]} {[%emt 00:00:15]} Kxg6 {[%clk
00:30:48]} {[%emt 00:00:13]} 32. c3 {[%clk 00:25:25]} {[%emt 00:00:10]} Bf6
{[%emt 00:00:44]} 33. Rad1 {[%emt 00:00:36]} Kg5 {[%clk 00:28:58]} {[%emt
00:00:34]} 34. Kf3 {[%clk 00:25:13]} {[%emt 00:00:18]} h5 {[%clk 00:28:33]}
{[%emt 00:00:29]} 35. Rxh5+ {[%clk 00:24:34]} {[%emt 00:00:44]} Kg6 {[%clk
00:27:48]} {[%emt 00:00:50]} 36. d4 {[%clk 00:24:11]} {[%emt 00:00:29]} b5
{[%clk 00:26:33]} {[%emt 00:01:19]} 37. d5 {[%clk 00:24:09]} {[%emt 00:00:08]}
Be7 {[%clk 00:26:22]} {[%emt 00:00:16]} 38. d6 {[%clk 00:23:57]} {[%emt
00:00:17]} Bxd6 {[%clk 00:26:11]} {[%emt 00:00:15]} 39. Rxd6+ {[%clk 00:23:55]}
{[%emt 00:00:08]} Kf7 {[%clk 00:25:50]} {[%emt 00:00:26]} 40. Rf5+ {[%clk
00:23:46]} {[%emt 00:00:14]} Ke7 {[%clk 00:25:20]} {[%emt 00:00:34]} 41. Rg6
{[%clk 00:23:34]} {[%emt 00:00:17]} a6 {[%clk 00:24:50]} {[%emt 00:00:36]} 42.
Rxg7+ {[%clk 00:23:26]} {[%emt 00:00:13]} Ke6 {[%clk 00:24:30]} {[%emt
00:00:23]} 43. Rg6+ {[%clk 00:23:16]} {[%emt 00:00:17]} Ke7 {[%clk 00:24:00]}
{[%emt 00:00:33]} 44. Rh5 {[%clk 00:22:57]} {[%emt 00:00:25]} Kf7 {[%clk
00:22:27]} {[%emt 00:01:38]} 45. Rb6 {[%clk 00:22:52]} {[%emt 00:00:11]} Ke7
{[%clk 00:22:06]} {[%emt 00:00:17]} 46. Rh7+ {[%clk 00:22:55]} {[%emt
00:00:11]} Kf8 {[%clk 00:21:28]} {[%emt 00:00:42]} 47. Rb8# {[%clk 00:22:52]}
{[%emt 00:00:09]} 1-0

[Event "DVM U10 2023"]
[Site "Magdeburg GER"]
[Date "2023.12.28"]
[Round "3"]
[White "Michalak, Albert"]
[Black "Szymaniak, Josh"]
[Result "0-1"]
[Termination "normal"]
[Board "19.3"]
[WhiteElo "740"]
[BlackElo "775"]
[WhiteClock "00:00:32"]
[BlackClock "00:47:36"]
[WhiteTeam "USC Magdeburg"]
[BlackTeam "SK Bremen-Nord"]
[PlyCount "88"]
[EventCountry "GER"]
[EventRounds "7"]
[EventType "team-swiss"]
[EventDate "2023.12.27"]

1. e4 {[%clk 00:55:09]} e5 {[%clk 00:55:09]} {[%emt 00:00:01]} 2. Nf3 {[%clk
00:55:03]} {[%emt 00:00:10]} Nc6 {[%clk 00:55:05]} {[%emt 00:00:10]} 3. Bc4
{[%clk 00:54:58]} {[%emt 00:00:10]} h6 {[%clk 00:54:51]} {[%emt 00:00:19]} 4.
d3 {[%clk 00:53:59]} {[%emt 00:01:03]} Bb4+ {[%clk 00:54:41]} {[%emt 00:00:15]}
5. c3 {[%clk 00:53:35]} {[%emt 00:00:30]} Bc5 {[%clk 00:54:39]} {[%emt
00:00:07]} 6. d4 {[%clk 00:53:19]} {[%emt 00:00:21]} exd4 {[%clk 00:54:35]}
{[%emt 00:00:08]} 7. cxd4 {[%clk 00:53:06]} {[%emt 00:00:18]} Bb4+ {[%clk
00:54:32]} {[%emt 00:00:08]} 8. Bd2 {[%clk 00:52:40]} {[%emt 00:00:31]} Bxd2+
{[%clk 00:54:32]} {[%emt 00:00:06]} 9. Nbxd2 {[%clk 00:52:28]} {[%emt
00:00:17]} d6 {[%clk 00:53:59]} {[%emt 00:00:38]} 10. d5 {[%clk 00:52:04]}
{[%emt 00:00:29]} Nce7 {[%clk 00:53:31]} {[%emt 00:00:32]} 11. Nb3 {[%clk
00:50:50]} {[%emt 00:01:20]} Nf6 {[%clk 00:53:18]} {[%emt 00:00:18]} 12. Nbd2
{[%clk 00:49:26]} {[%emt 00:01:29]} Bg4 {[%clk 00:53:14]} {[%emt 00:00:08]} 13.
h3 {[%clk 00:49:17]} {[%emt 00:00:15]} Bd7 {[%clk 00:53:03]} {[%emt 00:00:16]}
14. O-O {[%clk 00:48:45]} {[%emt 00:00:37]} b5 {[%clk 00:52:55]} {[%emt
00:00:13]} 15. Bb3 {[%clk 00:47:53]} {[%emt 00:00:57]} O-O {[%clk 00:52:47]}
{[%emt 00:00:12]} 16. e5 {[%clk 00:43:08]} {[%emt 00:04:51]} dxe5 {[%clk
00:52:45]} {[%emt 00:00:07]} 17. Nxe5 {[%clk 00:42:40]} {[%emt 00:00:32]} Nexd5
{[%clk 00:52:25]} {[%emt 00:00:25]} 18. Bc2 {[%clk 00:41:09]} {[%emt 00:01:35]}
Nb4 {[%clk 00:51:27]} {[%emt 00:01:04]} 19. Bb3 {[%clk 00:39:25]} {[%emt
00:01:49]} Be6 {[%clk 00:51:26]} {[%emt 00:00:07]} 20. Re1 {[%clk 00:34:28]}
{[%emt 00:05:01]} Bxb3 {[%clk 00:51:17]} {[%emt 00:00:14]} 21. axb3 {[%clk
00:33:59]} {[%emt 00:00:35]} Nh7 {[%clk 00:50:46]} {[%emt 00:00:36]} 22. Re3
{[%clk 00:32:55]} {[%emt 00:01:08]} Qf6 {[%clk 00:50:13]} {[%emt 00:00:40]} 23.
Rg3 {[%clk 00:30:34]} {[%emt 00:02:26]} Qxe5 {[%clk 00:49:48]} {[%emt
00:00:29]} 24. Qg4 {[%clk 00:29:40]} {[%emt 00:00:58]} g6 {[%clk 00:49:31]}
{[%emt 00:00:23]} 25. Nf3 {[%clk 00:27:41]} {[%emt 00:02:03]} Qxb2 {[%clk
00:49:17]} {[%emt 00:00:20]} 26. Re1 {[%emt 00:01:37]} Rae8 {[%emt 00:00:20]}
27. h4 {[%clk 00:25:05]} {[%emt 00:00:44]} Rxe1+ {[%clk 00:49:14]} {[%emt
00:00:07]} 28. Nxe1 {[%emt 00:00:19]} g5 {[%emt 00:00:26]} 29. hxg5 {[%clk
00:23:53]} {[%emt 00:00:32]} hxg5 {[%clk 00:49:15]} {[%emt 00:00:05]} 30. Rh3
{[%clk 00:22:05]} {[%emt 00:01:50]} Nc6 {[%clk 00:49:01]} {[%emt 00:00:21]} 31.
Qh5 {[%clk 00:20:47]} {[%emt 00:01:19]} Qg7 {[%clk 00:49:00]} {[%emt 00:00:09]}
32. Nc2 {[%clk 00:18:50]} {[%emt 00:02:03]} a5 {[%clk 00:48:35]} {[%emt
00:00:31]} 33. b4 {[%clk 00:17:47]} {[%emt 00:01:07]} axb4 {[%clk 00:48:33]}
{[%emt 00:00:07]} 34. f3 {[%clk 00:10:00]} {[%emt 00:07:52]} b3 {[%clk
00:48:34]} {[%emt 00:00:05]} 35. Kf2 {[%clk 00:09:37]} {[%emt 00:00:27]} b2
{[%clk 00:48:23]} {[%emt 00:00:16]} 36. Rh1 {[%clk 00:09:25]} {[%emt 00:00:16]}
Qg6 {[%clk 00:48:11]} {[%emt 00:00:17]} 37. Kg3 {[%clk 00:07:20]} {[%emt
00:02:08]} Qxh5 {[%clk 00:48:10]} {[%emt 00:00:09]} 38. Rxh5 {[%clk 00:07:09]}
{[%emt 00:00:16]} b1=Q {[%emt 00:00:17]} 39. Ne3 {[%clk 00:04:59]} {[%emt
00:02:04]} Qg6 {[%clk 00:47:57]} {[%emt 00:00:17]} 40. Rh3 {[%clk 00:04:26]}
{[%emt 00:00:37]} b4 {[%clk 00:47:58]} {[%emt 00:00:05]} 41. Rh1 {[%emt
00:00:18]} b3 {[%emt 00:00:07]} 42. Nd1 {[%clk 00:03:57]} {[%emt 00:00:07]} Nd4
{[%clk 00:47:50]} {[%emt 00:00:17]} 43. Rg1 {[%clk 00:01:13]} {[%emt 00:02:48]}
Rb8 {[%clk 00:47:41]} {[%emt 00:00:14]} 44. Nc3 {[%clk 00:00:32]} {[%emt
00:00:46]} b2 {[%clk 00:47:36]} {[%emt 00:00:11]} 0-1